[Event "FBL 1"]
[Site "?"]
[Date "2017.03.25"]
[Round "7.4"]
[White "Wiesner, Paula"]
[Black "Manusina, Nicole"]
[Result "1-0"]
[WhiteElo "2034"]
[BlackElo "1842"]
[PlyCount "61"]
[EventDate "2016.10.22"]
[EventType "team-tourn"]
[EventCountry "GER"]
[WhiteTeam "Karlsruher SF"]
[BlackTeam "Lehrte SK"]
[WhiteTeamCountry "GER"]
[BlackTeamCountry "GER"]

1. d4 d5 2. c4 e6 3. Nc3 Be7 4. cxd5 exd5 5. Qc2 Nf6 6. Bg5 O-O 7. e3 h6 8. Bf4
c6 9. Bd3 Nh5 10. Bg3 Nxg3 11. hxg3 Nd7 12. Nf3 Re8 13. O-O-O b5 14. Kb1 a5 15.
e4 b4 16. Na4 Bb7 17. e5 Nf8 18. Nh4 Ne6 19. Nf5 Bf8 20. f4 Rc8 21. Nc5 Qc7 22.
Nd6 Rb8 23. Nxe8 Rxe8 24. Nxe6 Rxe6 25. g4 c5 26. dxc5 Rc6 27. g5 Rxc5 28. Qe2
Bc8 29. gxh6 gxh6 30. Rc1 Rxc1+ 31. Rxc1 1-0

[Event "FBL 1"]
[Site "?"]
[Date "2017.03.25"]
[Round "7.5"]
[White "Markgraf, Claudia"]
[Black "Scheynin, Julia"]
[Result "1-0"]
[WhiteElo "1959"]
[BlackElo "2028"]
[PlyCount "71"]
[EventDate "2016.10.22"]
[EventType "team-tourn"]
[EventCountry "GER"]
[WhiteTeam "Lehrte SK"]
[BlackTeam "Karlsruher SF"]
[WhiteTeamCountry "GER"]
[BlackTeamCountry "GER"]

1. e4 e6 2. d4 d5 3. e5 c5 4. c3 Nc6 5. Nf3 Qb6 6. a3 a5 7. Bd3 Bd7 8. Bc2 cxd4
9. cxd4 Nge7 10. Nc3 Na7 11. O-O h6 12. Rb1 Nec6 13. Qd3 Be7 14. Be3 Nd8 15.
Rfc1 Rc8 16. Bd2 Nb5 17. Na4 Qa7 18. Bd1 Nc7 19. Qb3 b5 20. Nc5 Bc6 21. Qc3 a4
22. Be2 Na6 23. Qa5 Bxc5 24. dxc5 Nb7 25. Qb6 Qxb6 26. cxb6 Kd7 27. Nd4 Nac5
28. Bb4 Nb3 29. Nxc6 Nxc1 30. Rxc1 Rxc6 31. Bxb5 Rhc8 32. Bxa4 Nd8 33. Bd6 Nb7
34. Bc7 Na5 35. Rxc6 Nxc6 36. b7 1-0

[Event "FBL 1"]
[Site "?"]
[Date "2017.03.25"]
[Round "7.6"]
[White "Juszczak, Anna"]
[Black "Braje, Monika"]
[Result "1/2-1/2"]
[WhiteElo "1980"]
[BlackElo "1787"]
[PlyCount "85"]
[EventDate "2016.10.22"]
[EventType "team-tourn"]
[EventCountry "GER"]
[WhiteTeam "Karlsruher SF"]
[BlackTeam "Lehrte SK"]
[WhiteTeamCountry "GER"]
[BlackTeamCountry "GER"]

1. d4 d5 2. c4 Nf6 3. Nc3 e6 4. Nf3 Be7 5. Bg5 c6 6. e3 O-O 7. Qc2 Nbd7 8. Bd3
dxc4 9. Bxc4 Nd5 10. Bxe7 Qxe7 11. O-O N7b6 12. Nxd5 exd5 13. Bd3 h6 14. h3 Qf6
15. Ne5 Qg5 16. f4 Qe7 17. Rf3 Nd7 18. Raf1 Nf6 19. a3 Re8 20. Qf2 Ne4 21. Qc2
Bf5 22. g4 Bh7 23. f5 f6 24. Ng6 Bxg6 25. fxg6 Ng5 26. Rg3 Qd6 27. Qg2 Re7 28.
h4 Ne6 29. Bf5 Rae8 30. Qh3 Nf8 31. g5 h5 32. gxf6 gxf6 33. Rff3 c5 34. g7 Rxg7
35. Rxg7+ Kxg7 36. Rg3+ Kh8 37. Qg2 Ne6 38. dxc5 Qe5 39. Bxe6 Qxe6 40. Qf3 Qe5
41. Rg6 Rg8 42. Rxg8+ Kxg8 43. b4 1/2-1/2

[Event "FBL 1"]
[Site "?"]
[Date "2017.03.25"]
[Round "7.1"]
[White "Bodnaruk, Anastasia"]
[Black "Batsiashvili, Nino"]
[Result "1-0"]
[WhiteElo "2463"]
[BlackElo "2492"]
[PlyCount "71"]
[EventDate "2016.10.22"]
[EventType "team-tourn"]
[EventCountry "GER"]
[WhiteTeam "Rodewischer Schachmiezen"]
[BlackTeam "Schwaebisch Hall SK"]
[WhiteTeamCountry "GER"]
[BlackTeamCountry "GER"]

1. e4 c6 2. d4 d5 3. e5 Bf5 4. Nf3 e6 5. Be2 Ne7 6. O-O Bg6 7. Nbd2 Nf5 8. Nb3
Be7 9. a4 Nd7 10. g4 Nh6 11. h3 O-O 12. Be3 f6 13. exf6 Rxf6 14. Ne5 Nxe5 15.
dxe5 Rf8 16. f4 Qc7 17. Nd4 Qc8 18. c4 Be4 19. Rc1 c5 20. cxd5 exd5 21. Bf3
Bxf3 22. Nxf3 Qc6 23. Qc2 Qe6 24. f5 Nxf5 25. gxf5 Rxf5 26. Bxc5 Rc8 27. Qf2
Rxc5 28. Rxc5 Rxf3 29. Rc8+ Qxc8 30. Qxf3 Qc5+ 31. Kh1 h6 32. Rd1 d4 33. Qe4
Qc8 34. Kg2 Kh8 35. Qxd4 Qc2+ 36. Rd2 1-0

[Event "FBL 1"]
[Site "?"]
[Date "2017.03.25"]
[Round "7.3"]
[White "Movsesjan, Julia"]
[Black "Atalik, Ekaterina"]
[Result "1/2-1/2"]
[WhiteElo "2322"]
[BlackElo "2435"]
[PlyCount "103"]
[EventDate "2016.10.22"]
[EventType "team-tourn"]
[EventCountry "GER"]
[WhiteTeam "Rodewischer Schachmiezen"]
[BlackTeam "Schwaebisch Hall SK"]
[WhiteTeamCountry "GER"]
[BlackTeamCountry "GER"]

1. e4 e5 2. Nf3 Nc6 3. Bc4 Bc5 4. c3 Nf6 5. d3 O-O 6. O-O d5 7. exd5 Nxd5 8. h3
Nb6 9. Bb5 f6 10. Nbd2 Be6 11. Re1 Bf7 12. Nb3 Bd6 13. d4 exd4 14. Nbxd4 Nxd4
15. Qxd4 a6 16. Bd3 Re8 17. Rxe8+ Qxe8 18. Bc2 Qe2 19. Qe4 Qxe4 20. Bxe4 c6 21.
Be3 Nc4 22. Rd1 Re8 23. Bb1 Rd8 24. Bf4 Bd5 25. Bxd6 Bxf3 26. gxf3 Rxd6 27.
Rxd6 Nxd6 28. Bd3 h6 29. Kg2 Kf7 30. f4 Ke6 31. Kf3 c5 32. Bh7 f5 33. Bg8+ Ke7
34. Ke3 Ne8 35. Bh7 Nd6 36. Bg8 b6 37. a4 a5 38. Bd5 Ne8 39. Bf3 Kd6 40. Bh5
Nf6 41. Bf7 Nd5+ 42. Kf3 Nc7 43. Ke3 Ke7 44. Bc4 Ne8 45. Bd5 Nd6 46. Bg8 Kf6
47. Bd5 g5 48. fxg5+ Kxg5 49. Kf3 Kf6 50. Kf4 Nc8 51. Bc4 Ne7 52. Ke3 1/2-1/2

[Event "FBL 1"]
[Site "?"]
[Date "2017.03.25"]
[Round "7.4"]
[White "Milliet, Sophie"]
[Black "Lubbe, Melanie"]
[Result "1-0"]
[WhiteElo "2387"]
[BlackElo "2353"]
[PlyCount "61"]
[EventDate "2016.10.22"]
[EventType "team-tourn"]
[EventCountry "GER"]
[WhiteTeam "Schwaebisch Hall SK"]
[BlackTeam "Rodewischer Schachmiezen"]
[WhiteTeamCountry "GER"]
[BlackTeamCountry "GER"]

1. e4 c5 2. Nf3 Nc6 3. d4 cxd4 4. Nxd4 Nf6 5. Nc3 d6 6. Bg5 e6 7. Qd2 Qb6 8.
Bxf6 gxf6 9. Nb3 Bd7 10. Be2 Be7 11. f4 a6 12. O-O-O h5 13. Rhf1 O-O-O 14. Rf3
Rdg8 15. Bf1 h4 16. a3 Rh5 17. Kb1 f5 18. e5 d5 19. Na4 Qa7 20. c4 Nxe5 21.
fxe5 Bxa4 22. cxd5 Qb6 23. d6 Bxb3 24. Qc3+ Kb8 25. Qxb3 Bd8 26. Qc2 Qa5 27.
Rb3 Bb6 28. d7 f4 29. Rd6 Qe1+ 30. Ka2 Bc7 31. Qc6 1-0

[Event "FBL 1"]
[Site "?"]
[Date "2017.03.25"]
[Round "7.5"]
[White "Korenova, Martina"]
[Black "Videnova, Iva"]
[Result "1/2-1/2"]
[WhiteElo "2156"]
[BlackElo "2370"]
[PlyCount "79"]
[EventDate "2016.10.22"]
[EventType "team-tourn"]
[EventCountry "GER"]
[WhiteTeam "Rodewischer Schachmiezen"]
[BlackTeam "Schwaebisch Hall SK"]
[WhiteTeamCountry "GER"]
[BlackTeamCountry "GER"]

1. Nf3 Nf6 2. g3 g6 3. Bg2 d5 4. d4 Bg7 5. c4 dxc4 6. Nc3 O-O 7. O-O c5 8. d5
Nbd7 9. e4 Ng4 10. Qe2 Nb6 11. Bf4 e6 12. Rad1 exd5 13. Nxd5 Nxd5 14. exd5 Qb6
15. Qxc4 Qxb2 16. h3 Nf6 17. Rb1 Qa3 18. Bd6 Bf5 19. Bxc5 Rfc8 20. Bxa3 Rxc4
21. Rxb7 Ra4 22. Bc5 Rxa2 23. Ng5 Nd7 24. Be3 h6 25. Ne4 Bxe4 26. Bxe4 Nf6 27.
Bg2 a5 28. d6 Rd8 29. Rd1 Nd7 30. Bc6 Ne5 31. Bb5 Rb2 32. Kg2 Nc4 33. Bc1 Nxd6
34. Rxd6 Rxd6 35. Bxb2 Bxb2 36. Bc4 Rd2 37. Rxf7 Kh8 38. Rf8+ Kg7 39. Rf7+ Kh8
40. Rf8+ 1/2-1/2

[Event "FBL 1"]
[Site "?"]
[Date "2017.03.25"]
[Round "7.6"]
[White "Ambartsumova, Karina"]
[Black "Miturova, Magdalena"]
[Result "1-0"]
[WhiteElo "2322"]
[BlackElo "2197"]
[PlyCount "103"]
[EventDate "2016.10.22"]
[EventType "team-tourn"]
[EventCountry "GER"]
[WhiteTeam "Schwaebisch Hall SK"]
[BlackTeam "Rodewischer Schachmiezen"]
[WhiteTeamCountry "GER"]
[BlackTeamCountry "GER"]

1. d4 Nf6 2. Nf3 e6 3. Bf4 b6 4. Nbd2 Bb7 5. e3 c5 6. h3 Be7 7. Bd3 cxd4 8.
exd4 O-O 9. O-O d6 10. Qe2 a6 11. c3 Nbd7 12. a4 Re8 13. Bh2 Nf8 14. Rfe1 Ng6
15. Ne4 Nxe4 16. Bxe4 Bxe4 17. Qxe4 d5 18. Qd3 Qd7 19. Nd2 Rec8 20. Rec1 Bg5
21. Rd1 Bxd2 22. Qxd2 Ne7 23. Qd3 Nc6 24. Bf4 Na5 25. h4 Rc4 26. Qc2 Qe7 27. g3
Rac8 28. Kg2 Nb7 29. Qb3 R4c6 30. Re1 Qf6 31. Qd1 Nd6 32. Be5 Qe7 33. Qg4 f6
34. Bf4 Nf7 35. Re2 Re8 36. Qf3 Qd7 37. Qd3 e5 38. dxe5 fxe5 39. Rae1 Rce6 40.
Bc1 a5 41. b3 Qc6 42. Bb2 Rc8 43. f3 e4 44. Qd4 exf3+ 45. Kxf3 Rf6+ 46. Kg2 Nd6
47. Re6 Rxe6 48. Rxe6 Re8 49. c4 dxc4+ 50. Kg1 c3 51. Bxc3 Nf5 52. Rxc6 1-0

[Event "FBL 1"]
[Site "?"]
[Date "2017.03.26"]
[Round "8.1"]
[White "Strutinskaya, Galina N"]
[Black "Fuchs, Judith"]
[Result "1/2-1/2"]
[WhiteElo "2261"]
[BlackElo "2276"]
[PlyCount "39"]
[EventDate "2016.10.22"]
[EventType "team-tourn"]
[EventCountry "GER"]
[WhiteTeam "Augsburg SG"]
[BlackTeam "Hamburger SK"]
[WhiteTeamCountry "GER"]
[BlackTeamCountry "GER"]

1. d4 Nf6 2. c4 c5 3. Nf3 cxd4 4. Nxd4 b6 5. Nc3 Bb7 6. Bg5 d6 7. Qa4+ Qd7 8.
f3 Nc6 9. e3 e6 10. Rd1 Be7 11. Be2 Nxd4 12. Rxd4 Qxa4 13. Nxa4 O-O-O 14. O-O
h6 15. Bh4 Kb8 16. Rfd1 d5 17. Bg3+ Ka8 18. cxd5 Rxd5 19. Rxd5 Bxd5 20. Nc3
1/2-1/2

[Event "FBL 1"]
[Site "?"]
[Date "2017.03.26"]
[Round "8.2"]
[White "Hoolt, Sarah"]
[Black "Georgescu, Lena"]
[Result "1-0"]
[WhiteElo "2371"]
[BlackElo "2152"]
[PlyCount "113"]
[EventDate "2016.10.22"]
[EventType "team-tourn"]
[EventCountry "GER"]
[WhiteTeam "Hamburger SK"]
[BlackTeam "Augsburg SG"]
[WhiteTeamCountry "GER"]
[BlackTeamCountry "GER"]

1. e4 c5 2. Nf3 d6 3. d4 cxd4 4. Nxd4 Nf6 5. Nc3 Nc6 6. Bg5 e6 7. Qd2 a6 8.
O-O-O Bd7 9. f4 b5 10. Bxf6 gxf6 11. Kb1 Qb6 12. Nxc6 Bxc6 13. f5 O-O-O 14.
fxe6 fxe6 15. Bd3 Qc5 16. Qf4 Qe5 17. Qf2 Kb7 18. Rhe1 Bh6 19. Nd5 exd5 20.
exd5 Qxd5 21. Re7+ Rd7 22. Rxd7+ Bxd7 23. Qxf6 Rg8 24. Qxh6 Bf5 25. Qf4 Bxd3
26. Rxd3 Qxg2 27. a4 Rc8 28. Qf7+ Rc7 29. Qb3 Qg1+ 30. Ka2 Qc5 31. c3 Kc6 32.
Rd4 Rb7 33. Qg8 Qf5 34. Qa8 Qe6+ 35. Ka3 Kc7 36. Qxa6 bxa4 37. Qc4+ Qxc4 38.
Rxc4+ Kd7 39. Rxa4 Kc6 40. Rh4 Kc5 41. b4+ Kc6 42. c4 Rf7 43. Rh6 Rf3+ 44. Ka4
Rf1 45. c5 Ra1+ 46. Kb3 Rd1 47. Kc4 Rc1+ 48. Kd4 Rd1+ 49. Ke4 Kb5 50. Rxd6 Re1+
51. Kd5 Kxb4 52. Rb6+ Ka5 53. Rb2 Rg1 54. c6 Rg5+ 55. Kd6 Rg6+ 56. Kd7 Rg7+ 57.
Kc8 1-0

[Event "FBL 1"]
[Site "?"]
[Date "2017.03.26"]
[Round "8.3"]
[White "Jussupow, Nadia"]
[Black "Baciu, Diana"]
[Result "0-1"]
[WhiteElo "2163"]
[BlackElo "2289"]
[PlyCount "62"]
[EventDate "2016.10.22"]
[EventType "team-tourn"]
[EventCountry "GER"]
[WhiteTeam "Augsburg SG"]
[BlackTeam "Hamburger SK"]
[WhiteTeamCountry "GER"]
[BlackTeamCountry "GER"]

1. d4 d5 2. Bg5 h6 3. Bh4 Nf6 4. Nd2 Bf5 5. e3 e6 6. Ngf3 Nbd7 7. c4 Be7 8. Qb3
O-O 9. Bd3 Bxd3 10. Qxd3 c5 11. O-O cxd4 12. exd4 dxc4 13. Nxc4 Nc5 14. Qe2
Nce4 15. Rad1 Qd5 16. Nfe5 Rfd8 17. f3 Nd6 18. Nxd6 Rxd6 19. b3 Bd8 20. f4 Qe4
21. Qd2 Rxd4 22. Qc1 Rxd1 23. Rxd1 Bb6+ 24. Kh1 Nd5 25. Bg3 Ne3 26. Rd2 Rd8 27.
Rxd8+ Bxd8 28. Nf3 Bb6 29. h3 Nxg2 30. Qc8+ Kh7 31. Qc3 Nxf4 0-1

[Event "FBL 1"]
[Site "?"]
[Date "2017.03.26"]
[Round "8.4"]
[White "Zahn, Alina"]
[Black "Birkholz, Olga"]
[Result "1/2-1/2"]
[WhiteElo "2082"]
[BlackElo "2064"]
[PlyCount "36"]
[EventDate "2016.10.22"]
[EventType "team-tourn"]
[EventCountry "GER"]
[WhiteTeam "Hamburger SK"]
[BlackTeam "Augsburg SG"]
[WhiteTeamCountry "GER"]
[BlackTeamCountry "GER"]

1. e4 e6 2. d4 c5 3. Nf3 cxd4 4. Nxd4 Nf6 5. Nc3 d6 6. g4 h6 7. h4 a6 8. Bg2 e5
9. Nf5 g6 10. Ne3 Be6 11. Ncd5 Nbd7 12. Qf3 Rc8 13. c3 Bg7 14. Qe2 Nc5 15. f3
O-O 16. Kf2 Nxd5 17. Nxd5 f5 18. Kg3 fxg4 1/2-1/2

[Event "FBL 1"]
[Site "?"]
[Date "2017.03.26"]
[Round "8.6"]
[White "Scognamiglio, Stefanie"]
[Black "Nentwig, Nicole"]
[Result "0-1"]
[WhiteElo "2086"]
[BlackElo "1851"]
[PlyCount "114"]
[EventDate "2016.10.22"]
[EventType "team-tourn"]
[EventCountry "GER"]
[WhiteTeam "Hamburger SK"]
[BlackTeam "Augsburg SG"]
[WhiteTeamCountry "GER"]
[BlackTeamCountry "GER"]

1. e4 e5 2. Nf3 Nc6 3. Bc4 Bc5 4. O-O Nf6 5. d3 h6 6. c3 d6 7. Nbd2 a6 8. a4
Be6 9. b4 Bxc4 10. Nxc4 Ba7 11. Be3 b5 12. Bxa7 Rxa7 13. Ne3 O-O 14. Qb3 Qa8
15. Nh4 Ne7 16. Nef5 Nxf5 17. Nxf5 Kh7 18. Ra2 g6 19. Ne3 c6 20. Rfa1 Qb7 21.
Ra3 Kg7 22. Qa2 Rfa8 23. f3 Nd7 24. Qf2 Nb6 25. a5 Nd7 26. Rf1 Nf6 27. f4 exf4
28. Qxf4 Qe7 29. Rf3 Qe5 30. Qh4 c5 31. bxc5 dxc5 32. Qf4 Qxf4 33. Rxf4 Rd8 34.
c4 b4 35. Rb3 Nd7 36. Nd5 Ne5 37. d4 cxd4 38. Kf1 Nxc4 39. Rxb4 Nd2+ 40. Ke1
Nxe4 41. Rxd4 f5 42. Rd1 Rad7 43. Ne3 Rxd1+ 44. Nxd1 Rd5 45. g4 Rxa5 46. h4 g5
47. hxg5 hxg5 48. Rxf5 Rxf5 49. gxf5 a5 50. Ne3 Kf6 51. Kd1 a4 52. Kc2 Ke5 53.
Nc4+ Kxf5 54. Nb6 g4 55. Kd1 g3 56. Nc4 Kf4 57. Ke2 g2 0-1

[Event "FBL 1"]
[Site "?"]
[Date "2017.03.26"]
[Round "8.1"]
[White "Kachiani Gersinska, Ketino"]
[Black "Sieber, Fiona"]
[Result "1/2-1/2"]
[WhiteElo "2366"]
[BlackElo "2203"]
[PlyCount "105"]
[EventDate "2016.10.22"]
[EventType "team-tourn"]
[EventCountry "GER"]
[WhiteTeam "Baden Baden OSG"]
[BlackTeam "Lehrte SK"]
[WhiteTeamCountry "GER"]
[BlackTeamCountry "GER"]

1. Nf3 Nf6 2. g3 g6 3. b3 Bg7 4. Bb2 O-O 5. Bg2 d5 6. c4 c5 7. O-O d4 8. e3 Nc6
9. exd4 cxd4 10. d3 Re8 11. Na3 e5 12. Nc2 a5 13. a3 Bf8 14. Rb1 Nd7 15. b4
axb4 16. axb4 Nxb4 17. Nxb4 Bxb4 18. Bxd4 exd4 19. Rxb4 Nc5 20. Rb5 Qd6 21. Qd2
Bd7 22. Rbb1 Ra3 23. Qh6 f6 24. Nh4 Bc6 25. Rfe1 Rxe1+ 26. Rxe1 Qf8 27. Qd2
Rxd3 28. Qa5 Bxg2 29. Nxg2 Rc3 30. Nf4 Rxc4 31. Qb5 Qf7 32. Ne6 Qxe6 33. Rxe6
Rc1+ 34. Kg2 Nxe6 35. Qe8+ Nf8 36. Qd8 Rc6 37. Qxd4 Kf7 38. Qd5+ Kg7 39. Qd8
Kf7 40. Qb8 Re6 41. Qxb7+ Re7 42. Qc8 Kg7 43. h4 h5 44. f3 Nd7 45. Qd8 Rf7 46.
g4 hxg4 47. fxg4 Ne5 48. g5 fxg5 49. Qxg5 Nd3 50. Kg3 Nf4 51. Qe5+ Kh7 52. Qxf4
Rxf4 53. Kxf4 1/2-1/2

[Event "FBL 1"]
[Site "?"]
[Date "2017.03.26"]
[Round "8.2"]
[White "Duessler, Stefanie"]
[Black "Kovalevskaya, Ekaterina"]
[Result "1/2-1/2"]
[WhiteElo "2081"]
[BlackElo "2423"]
[PlyCount "85"]
[EventDate "2016.10.22"]
[EventType "team-tourn"]
[EventCountry "GER"]
[WhiteTeam "Lehrte SK"]
[BlackTeam "Baden Baden OSG"]
[WhiteTeamCountry "GER"]
[BlackTeamCountry "GER"]

1. e4 c5 2. Nf3 Nc6 3. d4 cxd4 4. Nxd4 e5 5. Nb5 d6 6. c4 Be7 7. N1c3 a6 8. Na3
Nf6 9. Be2 O-O 10. O-O Be6 11. Nc2 Rc8 12. Ne3 Nd4 13. Ned5 Bxd5 14. cxd5 b5
15. a3 Nd7 16. Be3 Nc5 17. Rb1 Ncb3 18. Bd3 Bf6 19. Na2 Rc7 20. Nb4 Qa8 21. Nc6
Nxc6 22. Qxb3 Na5 23. Qb4 Nb7 24. Bb6 Rcc8 25. Rbc1 Bd8 26. Be3 Ba5 27. Qb3 Nc5
28. Qd1 Bb6 29. Qe2 Qb7 30. Bc2 Rc7 31. b4 Nd7 32. a4 Bxe3 33. Qxe3 Rfc8 34.
Qd2 Nb6 35. axb5 axb5 36. Bd3 Nc4 37. Qe2 Qb6 38. Rc3 h6 39. h3 Qa7 40. Rfc1
Qa6 41. Kh2 g6 42. h4 Kg7 43. g3 1/2-1/2

[Event "FBL 1"]
[Site "?"]
[Date "2017.03.26"]
[Round "8.3"]
[White "Arakhamia Grant, Ketevan"]
[Black "Zschischang, Marine"]
[Result "1-0"]
[WhiteElo "2370"]
[BlackElo "2045"]
[PlyCount "93"]
[EventDate "2016.10.22"]
[EventType "team-tourn"]
[EventCountry "GER"]
[WhiteTeam "Baden Baden OSG"]
[BlackTeam "Lehrte SK"]
[WhiteTeamCountry "GER"]
[BlackTeamCountry "GER"]

1. e4 c6 2. d4 d5 3. e5 Bf5 4. Nd2 e6 5. Nb3 Nd7 6. Nf3 Ne7 7. Be2 Qc7 8. O-O
c5 9. Nxc5 Nxc5 10. dxc5 Qxc5 11. Nd4 a6 12. c3 Rd8 13. Qa4+ Rd7 14. Be3 Qc7
15. f4 g5 16. fxg5 Bg7 17. Rae1 Bxe5 18. Nf3 Bd6 19. Bd4 Rg8 20. Bf6 Ng6 21.
Kh1 Nf4 22. Nd4 Be4 23. Bf3 Bd3 24. Rf2 Bc4 25. Re3 Nd3 26. Rd2 Nc5 27. Qc2 Bf4
28. Qxh7 Rf8 29. Nf5 Rd6 30. Rd4 Bxe3 31. Nxe3 Nd7 32. Bg7 Nb6 33. b3 Bxb3 34.
axb3 Qxc3 35. Nf1 Qc1 36. Rd1 Qxg5 37. Bxf8 Kxf8 38. Qd3 Nd7 39. Qc3 Rc6 40.
Qh8+ Ke7 41. Qd4 b5 42. h4 Qe5 43. Qb4+ Kf6 44. Nh2 Qg3 45. Ng4+ Kg7 46. Qe7
Rd6 47. Rf1 1-0

[Event "FBL 1"]
[Site "?"]
[Date "2017.03.26"]
[Round "8.4"]
[White "Manusina, Nicole"]
[Black "Tammert, Iamze"]
[Result "0-1"]
[WhiteElo "1842"]
[BlackElo "2290"]
[PlyCount "118"]
[EventDate "2016.10.22"]
[EventType "team-tourn"]
[EventCountry "GER"]
[WhiteTeam "Lehrte SK"]
[BlackTeam "Baden Baden OSG"]
[WhiteTeamCountry "GER"]
[BlackTeamCountry "GER"]

1. d4 Nf6 2. c4 e6 3. Nc3 Bb4 4. e3 b6 5. Nf3 Bb7 6. Bd3 O-O 7. O-O d5 8. cxd5
exd5 9. Qc2 a6 10. a3 Bd6 11. e4 dxe4 12. Nxe4 Nxe4 13. Bxe4 Bxe4 14. Qxe4 Nd7
15. b3 Nf6 16. Qf5 Qc8 17. Qg5 Qe6 18. b4 Qd5 19. Bb2 a5 20. Qxd5 Nxd5 21. bxa5
Rxa5 22. Ne5 Ra4 23. Rfc1 Rfa8 24. Nc4 Bf4 25. Rc2 b5 26. Ne5 b4 27. Rc4 f6 28.
Nd3 Bd6 29. Nc5 Bxc5 30. dxc5 bxa3 31. Rxa4 Rxa4 32. Bxa3 Nb4 33. Bb2 Rxa1+ 34.
Bxa1 Kf7 35. Bc3 Na6 36. Bd4 Ke6 37. Kf1 Kd5 38. Be3 Nxc5 39. Ke2 Nd7 40. Bf4
Ne5 41. f3 Kd4 42. g4 g6 43. Bg3 c5 44. Bh4 Nd7 45. Kd2 c4 46. Bf2+ Kd5 47. h3
Ne5 48. f4 Nd3 49. Bh4 Nxf4 50. Bxf6 Ke4 51. h4 Nd5 52. Bd8 Kf4 53. h5 g5 54.
Ke2 Kxg4 55. h6 Kf4 56. Ba5 Ke4 57. Bd2 g4 58. Kf2 c3 59. Bc1 Nf4 0-1

[Event "FBL 1"]
[Site "?"]
[Date "2017.03.26"]
[Round "8.5"]
[White "Sedina, Elena"]
[Black "Markgraf, Claudia"]
[Result "1-0"]
[WhiteElo "2262"]
[BlackElo "1959"]
[PlyCount "63"]
[EventDate "2016.10.22"]
[EventType "team-tourn"]
[EventCountry "GER"]
[WhiteTeam "Baden Baden OSG"]
[BlackTeam "Lehrte SK"]
[WhiteTeamCountry "GER"]
[BlackTeamCountry "GER"]

1. e4 Nf6 2. e5 Nd5 3. d4 d6 4. c4 Nb6 5. exd6 exd6 6. Nc3 Be7 7. Bd3 Nc6 8.
Nge2 Bg4 9. Be3 Bf6 10. f3 Bh5 11. b3 Qe7 12. Be4 O-O-O 13. O-O d5 14. cxd5 Nb4
15. Nf4 Bg6 16. Qd2 Kb8 17. a3 Na6 18. Rfe1 Qd7 19. Rac1 Nc8 20. b4 Nd6 21. Bd3
Bxd3 22. Qxd3 Ka8 23. b5 Nb8 24. a4 Qf5 25. Ne4 Rhe8 26. g4 Qd7 27. Nxf6 gxf6
28. Nh5 f5 29. Nf6 Rxe3 30. Qxe3 Qc8 31. Qe7 Nd7 32. Qxd6 1-0

[Event "FBL 1"]
[Site "?"]
[Date "2017.03.26"]
[Round "8.6"]
[White "Braje, Monika"]
[Black "Heinemann, Josefine"]
[Result "0-1"]
[WhiteElo "1787"]
[BlackElo "2227"]
[PlyCount "84"]
[EventDate "2016.10.22"]
[EventType "team-tourn"]
[EventCountry "GER"]
[WhiteTeam "Lehrte SK"]
[BlackTeam "Baden Baden OSG"]
[WhiteTeamCountry "GER"]
[BlackTeamCountry "GER"]

1. e4 c5 2. d4 cxd4 3. c3 Nf6 4. e5 Nd5 5. Nf3 Nc6 6. Be2 d6 7. exd6 Qxd6 8.
Nxd4 Nxd4 9. Qxd4 Bd7 10. O-O e5 11. Qe4 Bc6 12. Qg4 g6 13. Rd1 f5 14. Qh3 Qe6
15. Na3 Bg7 16. Nc2 O-O-O 17. Bc4 Kb8 18. Bg5 Bf6 19. Bxf6 Qxf6 20. Bxd5 Bxd5
21. Nb4 Be4 22. Qe3 a5 23. f3 Bxf3 24. gxf3 axb4 25. cxb4 Rd6 26. Re1 Rd5 27.
a4 Rhd8 28. Rac1 f4 29. Qe4 R8d6 30. Rc2 Rd1 31. Rce2 Rxe1+ 32. Rxe1 Rd4 33.
Qxe5+ Qxe5 34. Rxe5 Rxb4 35. Re4 Rxb2 36. Rxf4 Ka7 37. Rf7 h5 38. Rf6 Ra2 39.
Rxg6 Rxa4 40. Rg5 h4 41. Rg4 b5 42. h3 Rxg4+ 0-1

[Event "FBL 1"]
[Site "?"]
[Date "2017.03.26"]
[Round "8.1"]
[White "Naiditsch, Yuliya"]
[Black "Bodnaruk, Anastasia"]
[Result "1/2-1/2"]
[WhiteElo "2413"]
[BlackElo "2463"]
[PlyCount "51"]
[EventDate "2016.10.22"]
[EventType "team-tourn"]
[EventCountry "GER"]
[WhiteTeam "Deizisau SF"]
[BlackTeam "Rodewischer Schachmiezen"]
[WhiteTeamCountry "GER"]
[BlackTeamCountry "GER"]

1. e4 c5 2. Nf3 d6 3. Bb5+ Bd7 4. c4 g6 5. Nc3 Bg7 6. d4 cxd4 7. Nxd4 Nf6 8.
Be3 O-O 9. Bxd7 Nbxd7 10. f3 a6 11. Qd2 e6 12. Nde2 Qe7 13. O-O Rad8 14. Rad1
Ne8 15. Bd4 Nef6 16. Rfe1 Rc8 17. b3 Rfd8 18. Be3 Ne8 19. Bd4 Nef6 20. Be3 Ne8
21. Kh1 Qf8 22. Bg5 Bf6 23. Bxf6 Ndxf6 24. Qe3 Qe7 25. Rd2 Qc7 26. Red1 1/2-1/2

[Event "FBL 1"]
[Site "?"]
[Date "2017.03.26"]
[Round "8.2"]
[White "Movsesjan, Julia"]
[Black "Schleining, Zoya"]
[Result "1/2-1/2"]
[WhiteElo "2322"]
[BlackElo "2349"]
[PlyCount "55"]
[EventDate "2016.10.22"]
[EventType "team-tourn"]
[EventCountry "GER"]
[WhiteTeam "Rodewischer Schachmiezen"]
[BlackTeam "Deizisau SF"]
[WhiteTeamCountry "GER"]
[BlackTeamCountry "GER"]

1. e4 e5 2. Nf3 Nf6 3. Nxe5 d6 4. Nf3 Nxe4 5. Nc3 Nxc3 6. dxc3 Be7 7. Bf4 Nc6
8. Qd2 Be6 9. O-O-O Qd7 10. Kb1 O-O-O 11. Be3 Ne5 12. Be2 c5 13. Ng5 Nc4 14.
Qc1 Nxe3 15. Qxe3 Bxg5 16. Qxg5 f6 17. Qd2 Rhe8 18. Rhe1 Kc7 19. c4 Bf7 20. b3
Re5 21. Bf3 b6 22. Re3 Rxe3 23. Qxe3 Qe6 24. Qd2 Qd7 25. Qd3 f5 26. Re1 Re8 27.
Rd1 Re5 28. g3 1/2-1/2

[Event "FBL 1"]
[Site "?"]
[Date "2017.03.26"]
[Round "8.3"]
[White "Levushkina, Elena"]
[Black "Lubbe, Melanie"]
[Result "1-0"]
[WhiteElo "2321"]
[BlackElo "2353"]
[PlyCount "93"]
[EventDate "2016.10.22"]
[EventType "team-tourn"]
[EventCountry "GER"]
[WhiteTeam "Deizisau SF"]
[BlackTeam "Rodewischer Schachmiezen"]
[WhiteTeamCountry "GER"]
[BlackTeamCountry "GER"]

1. e4 c5 2. Nf3 Nc6 3. Bb5 g6 4. O-O Bg7 5. Re1 Nf6 6. e5 Nd5 7. Nc3 Nc7 8.
Bxc6 dxc6 9. Ne4 b6 10. Nf6+ Kf8 11. Ne4 Bg4 12. Nc3 Ne6 13. h3 Bxf3 14. Qxf3
Nd4 15. Qd1 Qd7 16. d3 Qf5 17. f4 h5 18. Ne2 Rd8 19. Nxd4 Rxd4 20. Qf3 Qe6 21.
Be3 Rd7 22. a4 Kg8 23. a5 Kh7 24. axb6 axb6 25. Ra6 Rb8 26. b3 f6 27. f5 Qxe5
28. fxg6+ Kxg6 29. Bf2 Qd6 30. Re4 Rdb7 31. g4 Qd5 32. c4 Qd7 33. gxh5+ Kh7 34.
Rg4 Rd8 35. Qg2 Bh6 36. d4 Qf5 37. Ra1 cxd4 38. Kh1 e5 39. Rg1 Qxh5 40. Rh4 Qf5
41. Qg3 e4 42. Bxd4 Qg5 43. Be3 Qxg3 44. Rxh6+ Kg7 45. Rxg3+ Kf8 46. Rh8+ Ke7
47. Rh7+ 1-0

[Event "FBL 1"]
[Site "?"]
[Date "2017.03.26"]
[Round "8.4"]
[White "Korenova, Martina"]
[Black "Klek, Hanna Marie"]
[Result "0-1"]
[WhiteElo "2156"]
[BlackElo "2335"]
[PlyCount "98"]
[EventDate "2016.10.22"]
[EventType "team-tourn"]
[EventCountry "GER"]
[WhiteTeam "Rodewischer Schachmiezen"]
[BlackTeam "Deizisau SF"]
[WhiteTeamCountry "GER"]
[BlackTeamCountry "GER"]

1. e4 e5 2. Nf3 Nc6 3. Bc4 Bc5 4. c3 Nf6 5. d4 exd4 6. cxd4 Bb4+ 7. Nc3 Nxe4 8.
O-O Bxc3 9. d5 Ne5 10. bxc3 Nxc4 11. Qd4 O-O 12. Qxe4 Nd6 13. Qf4 Ne8 14. Re1
a5 15. Ba3 d6 16. Nd4 Nf6 17. c4 Bd7 18. Rab1 Re8 19. h3 Rxe1+ 20. Rxe1 Qf8 21.
Qd2 b6 22. f3 Re8 23. Kf2 Rxe1 24. Qxe1 Qe8 25. Qxe8+ Nxe8 26. Ke3 Kf8 27. h4
Ke7 28. g4 Bc8 29. Nc6+ Kf8 30. Kd4 Nf6 31. Na7 Ba6 32. Bc1 Nd7 33. f4 Nf6 34.
g5 Nh5 35. Nc6 Ng3 36. Kd3 Nf5 37. h5 Ng3 38. g6 Bc8 39. Nd4 fxg6 40. hxg6 h5
41. Bb2 h4 42. Ne6+ Bxe6 43. dxe6 h3 44. Bxg7+ Ke7 45. Bd4 Kxe6 46. Bg1 Kf6 47.
Ke3 Kxg6 48. Kf3 Nf1 49. Ke4 c6 0-1